[Event "4. Torneo Campus Ourense 2017"]
[Site "Ourense ESP"]
[Date "2017.07.02"]
[Round "2.1"]
[White "Sanchez Aller, Fernando"]
[Black "Fedorchuk, Sergey A"]
[Result "0-1"]
[WhiteElo "2290"]
[BlackElo "2628"]
[PlyCount "70"]
[EventDate "2017.07.01"]
[EventType "swiss"]
[EventRounds "9"]
[EventCountry "ESP"]
[SourceTitle "Ajedrez en Madrid"]
[Source "lmi"]
[SourceDate "2017.07.01"]
[SourceVersion "1"]
[SourceVersionDate "2019.06.14"]
[SourceQuality "1"]

1. e4 c5 2. Nf3 e6 3. d4 cxd4 4. Nxd4 a6 5. Nc3 Qc7 6. g3 Bb4 7. Bd2 Nf6 8. Bg2
O-O 9. O-O Be7 10. a4 Nc6 11. Nb3 d6 12. f4 Rb8 13. g4 Re8 14. g5 Nd7 15. Rf3
Bf8 16. Rh3 g6 17. Qe1 Bg7 18. Qh4 Nf8 19. Rf1 Ne7 20. a5 b5 21. axb6 Rxb6 22.
Na4 Rb8 23. Bc3 a5 24. Ra1 e5 25. Rf3 d5 26. Bxa5 Qxc2 27. Rc3 Qe2 28. Bc7 d4
29. Rf3 Rxb3 30. Rxb3 Qc2 31. Bxe5 Qxb3 32. Bxg7 Kxg7 33. Qf2 Rd8 34. Ra3 Qd1+
35. Bf1 d3 0-1

[Event "4. Torneo Campus Ourense 2017"]
[Site "Ourense ESP"]
[Date "2017.07.02"]
[Round "2.2"]
[White "Rodriguez Lopez, Rafael"]
[Black "Ferreira, Jorge Viterbo"]
[Result "1-0"]
[WhiteElo "2274"]
[BlackElo "2510"]
[PlyCount "71"]
[EventDate "2017.07.01"]
[EventType "swiss"]
[EventRounds "9"]
[EventCountry "ESP"]
[SourceTitle "Ajedrez en Madrid"]
[Source "lmi"]
[SourceDate "2017.07.01"]
[SourceVersion "1"]
[SourceVersionDate "2019.06.14"]
[SourceQuality "1"]

1. d4 Nf6 2. c4 e6 3. Nf3 d5 4. Bg5 h6 5. Bxf6 Qxf6 6. Nc3 c6 7. Qb3 a5 8. a3
a4 9. Qa2 Qd8 10. e4 dxe4 11. Nxe4 Qa5+ 12. Nc3 c5 13. d5 Be7 14. Bd3 O-O 15.
O-O Na6 16. Rfe1 Nc7 17. Rad1 Ra6 18. Bc2 Bd7 19. Ne5 Be8 20. Qb1 Bd6 21. Qc1
exd5 22. cxd5 b5 23. Ng4 f5 24. Nxh6+ gxh6 25. Qxh6 Rf6 26. Qg5+ Bg6 27. Bxf5
Kg7 28. Bxg6 Rxg6 29. Qd8 Ra8 30. Qd7+ Kg8 31. Re4 Rf8 32. Rg4 Rxg4 33. Qxg4+
Kh8 34. Rd3 Rf7 35. Rh3+ Rh7 36. Qc8+ 1-0

[Event "4. Torneo Campus Ourense 2017"]
[Site "Ourense ESP"]
[Date "2017.07.02"]
[Round "2.3"]
[White "Strikovic, Aleksa"]
[Black "Padeiro, Jose"]
[Result "1-0"]
[WhiteElo "2509"]
[BlackElo "2276"]
[PlyCount "93"]
[EventDate "2017.07.01"]
[EventType "swiss"]
[EventRounds "9"]
[EventCountry "ESP"]
[SourceTitle "Ajedrez en Madrid"]
[Source "lmi"]
[SourceDate "2017.07.01"]
[SourceVersion "1"]
[SourceVersionDate "2019.06.14"]
[SourceQuality "1"]

1. Nf3 d5 2. g3 Bg4 3. Bg2 Nd7 4. c4 dxc4 5. Na3 Ngf6 6. Nxc4 c6 7. O-O g6 8.
b4 Bg7 9. Bb2 O-O 10. Qc2 Nb6 11. Na5 Bc8 12. a3 Ne8 13. Bxg7 Nxg7 14. d4 Rb8
15. h3 f5 16. e3 Be6 17. Ne5 Bd5 18. f3 Kh8 19. Kh2 Nd7 20. e4 Bg8 21. Nd3 Qc7
22. Qc3 Rbc8 23. Rac1 Qb8 24. Qb2 Rcd8 25. e5 Bd5 26. Nf4 Nb6 27. Rfe1 Ne6 28.
Nxd5 Rxd5 29. f4 Rd7 30. Nb3 Nd5 31. b5 cxb5 32. Nc5 Nxc5 33. Rxc5 Rfd8 34.
Qxb5 e6 35. Qc4 Kg8 36. Rc1 Kh8 37. Qb5 Kg7 38. Bxd5 exd5 39. a4 h5 40. Kg2 Kf7
41. a5 Kg7 42. e6 Re7 43. Rxd5 Rxd5 44. Qxd5 h4 45. Re1 Qe8 46. Qe5+ Kg8 47. d5
1-0

[Event "4. Torneo Campus Ourense 2017"]
[Site "Ourense ESP"]
[Date "2017.07.02"]
[Round "2.4"]
[White "Aranda Marin, Cristian"]
[Black "Lariño Nieto, David"]
[Result "0-1"]
[WhiteElo "2266"]
[BlackElo "2495"]
[PlyCount "54"]
[EventDate "2017.07.01"]
[EventType "swiss"]
[EventRounds "9"]
[EventCountry "ESP"]
[SourceTitle "Ajedrez en Madrid"]
[Source "lmi"]
[SourceDate "2017.07.01"]
[SourceVersion "1"]
[SourceVersionDate "2019.06.14"]
[SourceQuality "1"]

1. Nf3 e6 2. d4 Nf6 3. Bg5 c5 4. e3 h6 5. Bh4 Qb6 6. Nbd2 cxd4 7. Bxf6 gxf6 8.
exd4 Qxb2 9. Bd3 Nc6 10. Rb1 Qxa2 11. O-O Qa5 12. Rb5 Qc7 13. d5 Ne5 14. Ne4 f5
15. Nf6+ Kd8 16. Nxe5 Qxe5 17. dxe6 Qxf6 18. exd7 Bxd7 19. Rd5 Bd6 20. Bxf5 Kc7
21. Bxd7 Kxd7 22. Qd3 Rad8 23. Rd1 Kc7 24. c4 Bb4 25. Qg3+ Kc8 26. Qg4+ Kb8 27.
Qg3+ Ka8 0-1

[Event "4. Torneo Campus Ourense 2017"]
[Site "Ourense ESP"]
[Date "2017.07.02"]
[Round "2.5"]
[White "Petkov, Vladimir"]
[Black "Ibañez Aullana, Ramon"]
[Result "1-0"]
[WhiteElo "2489"]
[BlackElo "2274"]
[PlyCount "61"]
[EventDate "2017.07.01"]
[EventType "swiss"]
[EventRounds "9"]
[EventCountry "ESP"]
[SourceTitle "Ajedrez en Madrid"]
[Source "lmi"]
[SourceDate "2017.07.01"]
[SourceVersion "1"]
[SourceVersionDate "2019.06.14"]
[SourceQuality "1"]

1. d4 Nf6 2. c4 g6 3. g3 Bg7 4. Bg2 d5 5. cxd5 Nxd5 6. e4 Nb6 7. Ne2 e5 8. d5
c6 9. Nbc3 cxd5 10. exd5 O-O 11. O-O Nc4 12. b3 Nd6 13. Ba3 Re8 14. Rc1 Na6 15.
h3 Nc7 16. Bxd6 Qxd6 17. Ne4 Qd8 18. d6 Ne6 19. Rxc8 Qxc8 20. d7 Qc7 21.
dxe8=Q+ Rxe8 22. Qc1 Qb6 23. Rd1 Rd8 24. h4 h6 25. Rxd8+ Qxd8 26. Bh3 Qd3 27.
Bxe6 Qxe4 28. Qc8+ Bf8 29. Bc4 Qf3 30. Qc7 b6 31. Nf4 1-0

[Event "4. Torneo Campus Ourense 2017"]
[Site "Ourense ESP"]
[Date "2017.07.02"]
[Round "2.6"]
[White "Barrish, Daniel"]
[Black "Fernandez Romero, Ernesto"]
[Result "0-1"]
[WhiteElo "2249"]
[BlackElo "2470"]
[PlyCount "56"]
[EventDate "2017.07.01"]
[EventType "swiss"]
[EventRounds "9"]
[EventCountry "ESP"]
[SourceTitle "Ajedrez en Madrid"]
[Source "lmi"]
[SourceDate "2017.07.01"]
[SourceVersion "1"]
[SourceVersionDate "2019.06.14"]
[SourceQuality "1"]

1. d4 Nf6 2. Bf4 g6 3. Nc3 c5 4. d5 d6 5. e4 Bg7 6. Nf3 O-O 7. a4 Bg4 8. Be2
Bxf3 9. Bxf3 Nbd7 10. O-O Ne8 11. Qd2 Nc7 12. Nd1 b6 13. Re1 a6 14. Bg4 Ne5 15.
Ne3 Nxg4 16. Nxg4 Bxb2 17. Rab1 Bg7 18. Bh6 Qd7 19. Bxg7 Kxg7 20. Qh6+ Kh8 21.
Rb3 f6 22. Rh3 Rf7 23. Qxg6 Rg7 24. Qh6 Qxg4 25. Rg3 Rg6 26. Qd2 Qh5 27. Rb1
Rxg3 28. hxg3 Rb8 0-1

[Event "4. Torneo Campus Ourense 2017"]
[Site "Ourense ESP"]
[Date "2017.07.02"]
[Round "2.7"]
[White "Gonzalez Perez, Arian"]
[Black "Garcia Carbo, Marcial"]
[Result "0-1"]
[WhiteElo "2461"]
[BlackElo "2253"]
[PlyCount "88"]
[EventDate "2017.07.01"]
[EventType "swiss"]
[EventRounds "9"]
[EventCountry "ESP"]
[SourceTitle "Ajedrez en Madrid"]
[Source "lmi"]
[SourceDate "2017.07.01"]
[SourceVersion "1"]
[SourceVersionDate "2019.06.14"]
[SourceQuality "1"]

1. Nf3 Nf6 2. c4 e6 3. g3 d5 4. Bg2 dxc4 5. Qa4+ Nbd7 6. Qxc4 c5 7. O-O a6 8.
Qc2 Rb8 9. d3 Bd6 10. a4 b6 11. b3 Bb7 12. Bb2 O-O 13. e4 Qc7 14. Nc3 Ne5 15.
Nxe5 Bxe5 16. Kh1 Rfd8 17. f4 Bd4 18. Qe2 Qd7 19. Rad1 b5 20. Rd2 bxa4 21. Nxa4
Bc6 22. Bxd4 Qxd4 23. Rc2 Bxa4 24. bxa4 Qxa4 25. e5 Nd5 26. Rxc5 Qa3 27. Rfc1
Nb4 28. R5c3 Qa5 29. Rb1 Rb5 30. Rf1 g6 31. h4 Rc5 32. Rxc5 Qxc5 33. Be4 Qd4
34. Kh2 Rc8 35. Kh3 Rc2 36. Qf3 h5 37. g4 Rd2 38. Bxg6 fxg6 39. Qa8+ Kf7 40.
Qb7+ Ke8 41. Qc8+ Qd8 42. Qxe6+ Kf8 43. d4 Rd3+ 44. Kh2 Qxh4+ 0-1

[Event "4. Torneo Campus Ourense 2017"]
[Site "Ourense ESP"]
[Date "2017.07.02"]
[Round "2.8"]
[White "Lazarev, Vladimir"]
[Black "Perez Pacheco, Ricardo"]
[Result "1-0"]
[WhiteElo "2417"]
[BlackElo "2229"]
[PlyCount "93"]
[EventDate "2017.07.01"]
[EventType "swiss"]
[EventRounds "9"]
[EventCountry "ESP"]
[SourceTitle "Ajedrez en Madrid"]
[Source "lmi"]
[SourceDate "2017.07.01"]
[SourceVersion "1"]
[SourceVersionDate "2019.06.14"]
[SourceQuality "1"]

1. d4 d5 2. c4 e6 3. Nf3 c6 4. Qc2 Nf6 5. g3 Be7 6. Bg2 b6 7. O-O Bb7 8. Nbd2
O-O 9. e4 Na6 10. e5 Nd7 11. cxd5 Nb4 12. Qb3 Nxd5 13. Ne4 h6 14. Bd2 c5 15.
dxc5 Nxc5 16. Nxc5 Bxc5 17. Qa4 Qe7 18. a3 a5 19. Qg4 f5 20. exf6 Rxf6 21. Nd4
Raf8 22. b4 h5 23. Qe4 axb4 24. axb4 Nc3 25. Qxb7 Qxb7 26. Bxb7 Bxd4 27. Bxc3
Bxc3 28. Ra4 Bd4 29. Ra2 Bc3 30. b5 Rf5 31. Bc6 Bd4 32. Kg2 Bc5 33. Re2 Kf7 34.
f4 Rd8 35. Ra1 Bd4 36. Ra7+ Kf6 37. Bd7 Rc5 38. Rxe6+ Kf7 39. Re2 Rc3 40. Be8+
Kf8 41. Rf7+ Kg8 42. Rf5 Re3 43. Rxe3 Bxe3 44. Bf7+ Kf8 45. Bxh5+ Kg8 46. Bf7+
Kf8 47. Bb3+ 1-0

[Event "4. Torneo Campus Ourense 2017"]
[Site "Ourense ESP"]
[Date "2017.07.02"]
[Round "2.9"]
[White "Gomez Dieguez, David"]
[Black "Starostits, Ilmars"]
[Result "0-1"]
[WhiteElo "2206"]
[BlackElo "2412"]
[PlyCount "140"]
[EventDate "2017.07.01"]
[EventType "swiss"]
[EventRounds "9"]
[EventCountry "ESP"]
[SourceTitle "Ajedrez en Madrid"]
[Source "lmi"]
[SourceDate "2017.07.01"]
[SourceVersion "1"]
[SourceVersionDate "2019.06.14"]
[SourceQuality "1"]

1. e4 c6 2. d4 d5 3. e5 Bf5 4. h4 Qb6 5. Ne2 h5 6. Ng3 Bg4 7. Qd3 Na6 8. c3 Nc7
9. Na3 g6 10. Nc2 Nh6 11. Ne3 Bd7 12. Be2 Ne6 13. Nc2 Rd8 14. b4 a5 15. a3 Ra8
16. O-O Nc7 17. Bg5 Nf5 18. Qf3 Bh6 19. Bxh6 Nxh6 20. Qf4 Nf5 21. Nxf5 Bxf5 22.
Ne3 Be6 23. Rfb1 axb4 24. axb4 Kd7 25. Qf3 Rxa1 26. Rxa1 Ra8 27. Rxa8 Nxa8 28.
Bd3 Qa7 29. Qd1 Qa3 30. Qd2 Nb6 31. Bc2 Qb2 32. Nd1 Qa2 33. Qc1 Kc7 34. Qb1 Qa3
35. Qb2 Qa6 36. Bb3 Bf5 37. Ne3 Bd3 38. f3 Bb5 39. Kf2 Ba4 40. Bxa4 Qxa4 41.
Ke2 Qa6+ 42. Kd2 f5 43. f4 Nc4+ 44. Nxc4 dxc4 45. Qb1 Kd7 46. g3 Ke6 47. Ke3
Qa3 48. Kd2 Qa4 49. Ke3 Qb3 50. Qa1 Qc2 51. Qa3 Qg2 52. Qa8 Qxg3+ 53. Ke2 Qg4+
54. Ke3 Qg3+ 55. Ke2 Qd3+ 56. Kf2 Qd2+ 57. Kg1 Qe1+ 58. Kg2 Qe2+ 59. Kg1 Qg4+
60. Kh1 Qxh4+ 61. Kg1 Qg3+ 62. Kh1 Qf3+ 63. Kg1 Qxc3 64. Qc8+ Kd5 65. Qd7+ Ke4
66. Qxe7 Qxd4+ 67. Kg2 Qd2+ 68. Kh3 c3 69. Qc5 Qd3+ 70. Kh4 Kxf4 0-1

[Event "4. Torneo Campus Ourense 2017"]
[Site "Ourense ESP"]
[Date "2017.07.02"]
[Round "2.10"]
[White "Naumkin, Igor"]
[Black "Costa, Paulo"]
[Result "1/2-1/2"]
[WhiteElo "2397"]
[BlackElo "2108"]
[PlyCount "59"]
[EventDate "2017.07.01"]
[EventType "swiss"]
[EventRounds "9"]
[EventCountry "ESP"]
[SourceTitle "Ajedrez en Madrid"]
[Source "lmi"]
[SourceDate "2017.07.01"]
[SourceVersion "1"]
[SourceVersionDate "2019.06.14"]
[SourceQuality "1"]

1. d4 Nf6 2. c4 e6 3. Nf3 Bb4+ 4. Nbd2 O-O 5. a3 Be7 6. e4 d6 7. Be2 Nbd7 8.
O-O e5 9. d5 Nc5 10. Qc2 a5 11. b3 Bg4 12. Re1 c6 13. dxc6 bxc6 14. Bb2 Qb6 15.
Rab1 Bh5 16. Nh4 g6 17. Nhf3 Ne6 18. h3 Bxf3 19. Nxf3 c5 20. Bc3 Qc6 21. Bf1
Nd7 22. b4 cxb4 23. axb4 axb4 24. Bxb4 Ndc5 25. Bc3 Rfb8 26. g3 Qa4 27. Rxb8+
Rxb8 28. Qe2 Rb3 29. Rc1 Ra3 30. h4 1/2-1/2

[Event "4. Torneo Campus Ourense 2017"]
[Site "Ourense ESP"]
[Date "2017.07.02"]
[Round "3.1"]
[White "Fedorchuk, Sergey A"]
[Black "Valmaña Canto, Jaime"]
[Result "1-0"]
[WhiteElo "2628"]
[BlackElo "2356"]
[PlyCount "99"]
[EventDate "2017.07.01"]
[EventType "swiss"]
[EventRounds "9"]
[EventCountry "ESP"]
[SourceTitle "Ajedrez en Madrid"]
[Source "lmi"]
[SourceDate "2017.07.01"]
[SourceVersion "1"]
[SourceVersionDate "2019.06.14"]
[SourceQuality "1"]

1. e4 e6 2. d4 d5 3. Nd2 c5 4. Ngf3 cxd4 5. Nxd4 Nc6 6. Bb5 Bd7 7. Nxc6 bxc6 8.
Bd3 Bd6 9. Qe2 Ne7 10. Nf3 Ng6 11. e5 Bc7 12. O-O O-O 13. Ng5 Qe8 14. c4 h6 15.
Nf3 Qe7 16. b3 a5 17. a4 Rfb8 18. Ba3 Qe8 19. Bc2 Bd8 20. Bd6 Rb7 21. Rac1 Be7
22. Bxg6 fxg6 23. Qe3 Qf8 24. c5 Qf7 25. Nd4 g5 26. Rc3 Rf8 27. Qd2 Qe8 28. Re3
Rf4 29. g3 Rxd4 30. Qxd4 Qd8 31. Qc3 Be8 32. Rd1 Bg6 33. Bxe7 Rxe7 34. b4 Rd7
35. Rd4 axb4 36. Qxb4 Qe7 37. Rb3 Ra7 38. Qb6 Bc2 39. Rbb4 Qf7 40. Rd2 Be4 41.
Qxc6 Qf5 42. Rxe4 dxe4 43. Re2 Qxe5 44. Qxe4 Qxc5 45. Qxe6+ Kh7 46. Qe4+ Kh8
47. Rc2 Qf8 48. Rc6 Ra5 49. Re6 Ra8 50. Qd4 1-0

[Event "4. Torneo Campus Ourense 2017"]
[Site "Ourense ESP"]
[Date "2017.07.02"]
[Round "3.2"]
[White "Starostits, Ilmars"]
[Black "Strikovic, Aleksa"]
[Result "1/2-1/2"]
[WhiteElo "2412"]
[BlackElo "2509"]
[PlyCount "107"]
[EventDate "2017.07.01"]
[EventType "swiss"]
[EventRounds "9"]
[EventCountry "ESP"]
[SourceTitle "Ajedrez en Madrid"]
[Source "lmi"]
[SourceDate "2017.07.01"]
[SourceVersion "1"]
[SourceVersionDate "2019.06.14"]
[SourceQuality "1"]

1. d4 d6 2. e4 Nf6 3. Nc3 e5 4. Nf3 Nbd7 5. Bc4 Be7 6. a4 O-O 7. O-O c6 8. h3
b6 9. Qe2 a6 10. Rd1 Qc7 11. d5 c5 12. Nh4 g6 13. Ra3 Ne8 14. Nf3 Ng7 15. Bh6
Kh8 16. Nb1 Nf6 17. Nbd2 Ng8 18. Be3 f5 19. exf5 gxf5 20. Nf1 Bf6 21. N3h2 Ne7
22. Bc1 Ng6 23. Ng3 Qd8 24. Nh5 Nxh5 25. Qxh5 Ra7 26. Kh1 Rg8 27. Bh6 e4 28.
Bc1 Be5 29. f3 Nf4 30. Bxf4 Bxf4 31. fxe4 Rag7 32. Qf3 Qg5 33. Bf1 Be5 34. Rb3
c4 35. Re3 Qh4 36. exf5 Rg3 37. Qe4 Qxh3 38. Rxg3 Qxg3 39. Nf3 Rg4 40. Qe1 Bxf5
41. Qxg3 Bxg3 42. Rd4 b5 43. axb5 axb5 44. Rxg4 Bxg4 45. Nd4 Bd7 46. b3 Be5 47.
Nc6 Bxc6 48. dxc6 d5 49. Be2 Kg7 50. Bf3 d4 51. bxc4 bxc4 52. Be2 d3 53. cxd3
cxd3 54. Bxd3 1/2-1/2

[Event "4. Torneo Campus Ourense 2017"]
[Site "Ourense ESP"]
[Date "2017.07.02"]
[Round "3.3"]
[White "Lariño Nieto, David"]
[Black "Garcia Castro, Pablo"]
[Result "1-0"]
[WhiteElo "2495"]
[BlackElo "2347"]
[PlyCount "117"]
[EventDate "2017.07.01"]
[EventType "swiss"]
[EventRounds "9"]
[EventCountry "ESP"]
[SourceTitle "Ajedrez en Madrid"]
[Source "lmi"]
[SourceDate "2017.07.01"]
[SourceVersion "1"]
[SourceVersionDate "2019.06.14"]
[SourceQuality "1"]

1. g3 d5 2. Bg2 c6 3. Nf3 g6 4. c4 Bg7 5. Qa4 e6 6. O-O Nd7 7. cxd5 cxd5 8. Nc3
Ne7 9. b3 O-O 10. Ba3 Re8 11. Bxe7 Rxe7 12. d4 Nb8 13. Ne5 Bd7 14. Qa3 Nc6 15.
Nxc6 Bxc6 16. e3 Rc7 17. Rfc1 Bf8 18. Qb2 Rac8 19. b4 Be8 20. a3 h5 21. h4 Bd6
22. f4 Bf8 23. Bf1 Bd6 24. Bd3 f5 25. Rc2 a6 26. Rac1 Qe7 27. Qb3 Kf8 28. Kf2
b5 29. Nb1 Rxc2+ 30. Rxc2 Rxc2+ 31. Qxc2 Qc7 32. Qb2 a5 33. Nc3 axb4 34. axb4
Qe7 35. Na2 Qa7 36. Ke2 Qa4 37. Kd2 Ke7 38. Bc2 Qa7 39. Nc3 Kd8 40. Bd3 Qe7 41.
Na2 Qa7 42. Kc1 Kc7 43. Kb1 Kb6 44. Bc2 Qe7 45. Qa3 Qa7 46. Qb3 Qe7 47. Kb2 Bc6
48. Bd3 Qa7 49. Be2 Qe7 50. Kc3 Qa7 51. Qb2 Qc7 52. Kb3 Qe7 53. Kc3 Qc7 54. Nc1
Be8+ 55. Kd2 Qa7 56. Nd3 Qa4 57. Nc5 Bxc5 58. dxc5+ Ka6 59. Bd1 1-0

[Event "4. Torneo Campus Ourense 2017"]
[Site "Ourense ESP"]
[Date "2017.07.02"]
[Round "3.4"]
[White "Sousa, Andre Ventura"]
[Black "Petkov, Vladimir"]
[Result "1-0"]
[WhiteElo "2368"]
[BlackElo "2489"]
[PlyCount "73"]
[EventDate "2017.07.01"]
[EventType "swiss"]
[EventRounds "9"]
[EventCountry "ESP"]
[SourceTitle "Ajedrez en Madrid"]
[Source "lmi"]
[SourceDate "2017.07.01"]
[SourceVersion "1"]
[SourceVersionDate "2019.06.14"]
[SourceQuality "1"]

1. e4 e5 2. Nf3 Nc6 3. Bb5 g6 4. O-O Bg7 5. c3 d6 6. d4 Bd7 7. Re1 h6 8. Be3
Nf6 9. dxe5 Nxe5 10. Bxd7+ Qxd7 11. Bd4 Qe6 12. Qa4+ Nfd7 13. Nxe5 dxe5 14. Bc5
c6 15. Ba3 a5 16. Rd1 b5 17. Qc2 c5 18. b3 O-O 19. Qd3 Nf6 20. Bxc5 Rfc8 21.
Be3 Qc6 22. Nd2 Qxc3 23. Qxb5 Qc2 24. Qa4 Bf8 25. Nc4 Rd8 26. Rxd8 Rxd8 27. h3
Qxe4 28. Qxa5 Re8 29. Qb5 Qa8 30. a4 Nd5 31. Nb6 Nxb6 32. Bxb6 e4 33. a5 Bg7
34. Rc1 Qb8 35. Qc6 Qe5 36. a6 Re6 37. a7 1-0

[Event "4. Torneo Campus Ourense 2017"]
[Site "Ourense ESP"]
[Date "2017.07.02"]
[Round "3.5"]
[White "Fernandez Romero, Ernesto"]
[Black "Rodriguez Lopez, Rafael"]
[Result "1/2-1/2"]
[WhiteElo "2470"]
[BlackElo "2274"]
[PlyCount "91"]
[EventDate "2017.07.01"]
[EventType "swiss"]
[EventRounds "9"]
[EventCountry "ESP"]
[SourceTitle "Ajedrez en Madrid"]
[Source "lmi"]
[SourceDate "2017.07.01"]
[SourceVersion "1"]
[SourceVersionDate "2019.06.14"]
[SourceQuality "1"]

1. e4 e5 2. Nf3 Nc6 3. Bb5 a6 4. Ba4 Nf6 5. O-O Be7 6. Re1 b5 7. Bb3 d6 8. c3
O-O 9. h3 Nb8 10. d4 Nbd7 11. Nbd2 Bb7 12. Bc2 Re8 13. Nf1 Bf8 14. Ng3 g6 15.
a4 c5 16. d5 c4 17. Bg5 Nc5 18. Qd2 Be7 19. Bh6 Nfd7 20. axb5 axb5 21. Nh2 Qb6
22. Ng4 Rxa1 23. Rxa1 Ra8 24. Rxa8+ Bxa8 25. Kh2 Nf6 26. Ne3 Ne8 27. f4 exf4
28. Bxf4 h5 29. Nef1 Nf6 30. Be3 Qc7 31. Bd4 Ncd7 32. Ne3 Qd8 33. Nef5 gxf5 34.
Qg5+ Kf8 35. Qh6+ Ke8 36. Nxf5 Ne5 37. Bxe5 dxe5 38. b3 cxb3 39. Bxb3 Kd7 40.
c4 Bc5 41. Qg7 Qb6 42. Qxf7+ Kc8 43. cxb5 Nxe4 44. Qe8+ Qd8 45. Qxe5 Qc7 46.
Qxc7+ 1/2-1/2

[Event "4. Torneo Campus Ourense 2017"]
[Site "Ourense ESP"]
[Date "2017.07.02"]
[Round "3.6"]
[White "Guerra Bastida, Diego"]
[Black "Lazarev, Vladimir"]
[Result "1/2-1/2"]
[WhiteElo "2326"]
[BlackElo "2417"]
[PlyCount "60"]
[EventDate "2017.07.01"]
[EventType "swiss"]
[EventRounds "9"]
[EventCountry "ESP"]
[SourceTitle "Ajedrez en Madrid"]
[Source "lmi"]
[SourceDate "2017.07.01"]
[SourceVersion "1"]
[SourceVersionDate "2019.06.14"]
[SourceQuality "1"]

1. c4 c5 2. Nf3 g6 3. g3 Bg7 4. Bg2 Nc6 5. Nc3 d6 6. O-O e6 7. a3 Nge7 8. b4 b6
9. e3 Bb7 10. d4 O-O 11. Bb2 cxb4 12. axb4 Nxb4 13. Ba3 a5 14. Qb3 Nec6 15.
Rfc1 Re8 16. Rab1 Rc8 17. d5 exd5 18. cxd5 Ne7 19. Nd4 Bxd4 20. exd4 Nf5 21.
Rd1 Qf6 22. Bxb4 axb4 23. Qxb4 Ba6 24. Ne4 Qe7 25. Qxb6 Be2 26. Re1 Bd3 27. Ra1
Rb8 28. Qa5 Bxe4 29. Rxe4 Qf6 30. Rxe8+ Rxe8 1/2-1/2

[Event "4. Torneo Campus Ourense 2017"]
[Site "Ourense ESP"]
[Date "2017.07.02"]
[Round "3.7"]
[White "Garcia Carbo, Marcial"]
[Black "Naumkin, Igor"]
[Result "0-1"]
[WhiteElo "2253"]
[BlackElo "2397"]
[PlyCount "138"]
[EventDate "2017.07.01"]
[EventType "swiss"]
[EventRounds "9"]
[EventCountry "ESP"]
[SourceTitle "Ajedrez en Madrid"]
[Source "lmi"]
[SourceDate "2017.07.01"]
[SourceVersion "1"]
[SourceVersionDate "2019.06.14"]
[SourceQuality "1"]

1. e4 e5 2. Nf3 Nc6 3. Bb5 a6 4. Ba4 Nf6 5. O-O Be7 6. Re1 b5 7. Bb3 O-O 8. d4
d6 9. c3 Bg4 10. d5 Na5 11. Bc2 c6 12. h3 Bc8 13. dxc6 Qc7 14. Nbd2 Qxc6 15.
Nf1 h6 16. Ng3 Re8 17. Nh4 Bf8 18. Qf3 Re6 19. Nhf5 Bb7 20. Ne3 Rb8 21. a4 Nc4
22. Bb3 Rc8 23. axb5 axb5 24. Nxc4 bxc4 25. Bc2 g6 26. b4 Qc7 27. Rd1 Rd8 28.
Ra7 Ra8 29. Rxa8 Bxa8 30. Nf1 d5 31. exd5 e4 32. Qg3 Qxg3 33. Nxg3 Bxd5 34. Ne2
Ra6 35. Nf4 Bc6 36. Be3 g5 37. Ne2 Ra2 38. Nd4 Bb7 39. Bb1 Rb2 40. Nb5 Nd5 41.
Bd4 Nf4 42. Be5 e3 43. fxe3 Nxg2 44. e4 f5 45. Na3 Ne3 46. Re1 f4 47. Bd4 Ba6
48. b5 Bxb5 49. Nxb5 Rxb5 50. Bxe3 fxe3 51. Ba2 Kg7 52. Kf1 Bc5 53. Bxc4 Rb2
54. Re2 Rb1+ 55. Re1 Rb8 56. Be6 Kf6 57. Bf5 Ke5 58. Ke2 Rb2+ 59. Kd3 Rd2+ 60.
Kc4 Ba7 61. Kb5 h5 62. c4 Bd4 63. Bg6 g4 64. Bxh5 g3 65. c5 g2 66. c6 Kd6 67.
Rc1 Kc7 68. Kc4 e2 69. Bxe2 g1=Q 0-1

[Event "4. Torneo Campus Ourense 2017"]
[Site "Ourense ESP"]
[Date "2017.07.02"]
[Round "3.8"]
[White "Medarde Santiago, Luis Marcos"]
[Black "Roma Barge, Gabriel"]
[Result "1-0"]
[WhiteElo "2354"]
[BlackElo "2040"]
[PlyCount "63"]
[EventDate "2017.07.01"]
[EventType "swiss"]
[EventRounds "9"]
[EventCountry "ESP"]
[SourceTitle "Ajedrez en Madrid"]
[Source "lmi"]
[SourceDate "2017.07.01"]
[SourceVersion "1"]
[SourceVersionDate "2019.06.14"]
[SourceQuality "1"]

1. e4 e5 2. Nf3 Nc6 3. d4 exd4 4. Bc4 Nf6 5. e5 d5 6. Bb5 Ne4 7. Nxd4 Bc5 8.
Be3 O-O 9. Nxc6 bxc6 10. Bxc5 Nxc5 11. Bxc6 Rb8 12. Qxd5 Qe7 13. O-O Rxb2 14.
Nc3 Ne6 15. Rab1 Rxc2 16. Qd3 Qc5 17. Qxc2 Qxc6 18. Rb4 Rd8 19. Rd1 Rxd1+ 20.
Qxd1 Qxc3 21. Rb8 g6 22. Rxc8+ Kg7 23. Ra8 Qa5 24. Qa1 h5 25. Rb8 Nd4 26. e6
Qe5 27. Kh1 c5 28. Rb7 Qxe6 29. Rxa7 Qf5 30. Ra5 Kh7 31. f3 h4 32. Qxd4 1-0

[Event "4. Torneo Campus Ourense 2017"]
[Site "Ourense ESP"]
[Date "2017.07.02"]
[Round "3.9"]
[White "Silva, Luis Neves Da"]
[Black "Puga Sanchez, Miguel"]
[Result "1-0"]
[WhiteElo "2331"]
[BlackElo "2030"]
[PlyCount "93"]
[EventDate "2017.07.01"]
[EventType "swiss"]
[EventRounds "9"]
[EventCountry "ESP"]
[SourceTitle "Ajedrez en Madrid"]
[Source "lmi"]
[SourceDate "2017.07.01"]
[SourceVersion "1"]
[SourceVersionDate "2019.06.14"]
[SourceQuality "1"]

1. d4 Nf6 2. Nf3 g6 3. Bf4 Bg7 4. e3 d6 5. Be2 O-O 6. h3 Nfd7 7. a4 e5 8. Bh2
Nc6 9. a5 a6 10. O-O e4 11. Nfd2 f5 12. c4 Nf6 13. Nc3 g5 14. Ra4 Qe8 15. Qc2
Bh6 16. b4 Qg6 17. b5 Nd8 18. b6 Bd7 19. Ra3 c5 20. Bxd6 cxd4 21. exd4 Nc6 22.
Nb3 f4 23. d5 f3 24. gxf3 Nxd5 25. cxd5 Qxd6 26. dxc6 Bxc6 27. Raa1 e3 28. Ne4
Qd7 29. fxe3 Qxh3 30. Bc4+ Kh8 31. Qg2 Qf5 32. Nd4 Qe5 33. Nxc6 bxc6 34. Qh2
Qg7 35. Ra2 g4 36. f4 Rae8 37. Bd3 g3 38. Qh3 Bxf4 39. Rxf4 Rxf4 40. exf4 Qd4+
41. Nf2 Re1+ 42. Kg2 Qd5+ 43. Be4 Rxe4 44. Nxe4 Qxa2+ 45. Kxg3 Qb3+ 46. Kh4 Qd5
47. Qc3+ 1-0

[Event "4. Torneo Campus Ourense 2017"]
[Site "Ourense ESP"]
[Date "2017.07.02"]
[Round "3.10"]
[White "Lorenzo Duran, Marcos"]
[Black "Safranska, Anda"]
[Result "0-1"]
[WhiteElo "2173"]
[BlackElo "2202"]
[PlyCount "80"]
[EventDate "2017.07.01"]
[EventType "swiss"]
[EventRounds "9"]
[EventCountry "ESP"]
[SourceTitle "Ajedrez en Madrid"]
[Source "lmi"]
[SourceDate "2017.07.01"]
[SourceVersion "1"]
[SourceVersionDate "2019.06.14"]
[SourceQuality "1"]

1. d4 d6 2. Nf3 g6 3. c4 Bg7 4. e4 e5 5. Nc3 Nc6 6. Bg5 f6 7. Be3 Nh6 8. dxe5
dxe5 9. Qxd8+ Kxd8 10. O-O-O+ Bd7 11. h3 Kc8 12. c5 Be6 13. Nd2 Nf7 14. Bc4 Re8
15. h4 Nfd8 16. h5 g5 17. Nd5 h6 18. Nf1 Na5 19. Be2 f5 20. exf5 Bxf5 21. Ng3
Be6 22. Ne4 Nac6 23. Bc4 Bf5 24. Ndc3 Nd4 25. f3 N8e6 26. Rhe1 Rd8 27. b4 a6
28. Kb2 Nf4 29. Rd2 Nc6 30. Rxd8+ Kxd8 31. Ng3 Bd7 32. Rd1 Ke8 33. Kb3 Nxg2 34.
Bf2 Nf4 35. Nd5 Rc8 36. Ne4 Nxd5 37. Bxd5 Ke7 38. Kc4 Rf8 39. Rd3 Nd8 40. Nd2
Bb5+ 0-1